[Event "Heusenstamm Schloss op"]
[Site "Heusenstamm"]
[Date "2023.11.24"]
[Round "2"]
[White "Nothnagel, Marian Can"]
[Black "Vihan, Shourya"]
[Result "1-0"]
[WhiteElo "2394"]
[BlackElo "2044"]
[PlyCount "49"]
[EventDate "2023.11.23"]
[EventType "swiss"]
[EventRounds "7"]
[EventCountry "GER"]
[SourceTitle "CB48_2023"]
[SourceDate "2023.11.29"]
[SourceVersion "1"]
[SourceVersionDate "2023.11.29"]
[SourceQuality "1"]

1. Nf3 Nf6 2. g3 d5 3. Bg2 e6 4. 0-0 Be7 5. d3 0-0 6. Nbd2 c5 7. e4 Nc6 8. Re1 b6 9. e5 Nd7 10. c4 Qc7 11. Qe2 Nb4 12. Nf1 Bb7 13. a3 Na6 14. Bf4 Rfe8 15. h4 Nf8 16. h5 Rad8 17. N1h2 Nb8 18. Ng4 Nc6 19. Nf6+ gxf6 20. exf6 Bd6 21. Bxd6 Qxd6 22. Qe3 Ng6 23. hxg6 hxg6 24. Qh6 Qf8 25. Qh4 1-0

[Event "Heusenstamm Schloss op"]
[Site "Heusenstamm"]
[Date "2022.11.20"]
[Round "6"]
[White "Weiss, Matthias"]
[Black "Vihan, Shourya"]
[Result "0-1"]
[WhiteElo "2030"]
[BlackElo "1661"]
[PlyCount "72"]
[EventDate "2022.11.17"]
[EventType "swiss"]
[EventRounds "7"]
[EventCountry "GER"]
[SourceTitle "CBM 212 Extra"]
[Source "ChessBase"]
[SourceDate "2023.03.31"]
[SourceVersion "1"]
[SourceVersionDate "2023.03.31"]
[SourceQuality "1"]

1. e4 c6 2. d4 d5 3. exd5 cxd5 4. Bd3 Nc6 5. c3 Nf6 6. Bf4 Bg4 7. Qb3 Qd7 8. Nd2 e6 9. Ngf3 Bxf3 10. Nxf3 Bd6 11. Bxd6 Qxd6 12. 0-0 Qc7 13. Rae1 0-0 14. Ne5 Nxe5 15. dxe5 Nd7 16. Qd1 Nxe5 17. Bxh7+ Kxh7 18. Qh5+ Kg8 19. Qxe5 Qxe5 20. Rxe5 g6 21. Rd1 Rac8 22. Rd4 b5 23. a4 Rb8 24. Re1 bxa4 25. Rxa4 Rxb2 26. g3 Rc8 27. Re3 Rc7 28. Kg2 Kf8 29. h4 Ke7 30. g4 Rb3 31. h5 gxh5 32. gxh5 Rcxc3 33. Rxa7+ Kf6 34. h6 Rxe3 35. fxe3 Rb8 36. Kf3 Rh8 0-1

[Event "Frankfurt-chA"]
[Site "Frankfurt"]
[Date "2022.05.23"]
[Round "5"]
[White "Sever, Mustafa Batuhan"]
[Black "Vihan, Shourya"]
[Result "1/2-1/2"]
[WhiteElo "2079"]
[BlackElo "1385"]
[PlyCount "90"]
[EventDate "2022.04.25"]
[EventType "swiss"]
[EventRounds "7"]
[EventCountry "GER"]
[SourceTitle "EXT 2023"]
[Source "ChessBase"]
[SourceDate "2022.10.05"]
[SourceVersion "1"]
[SourceVersionDate "2022.10.05"]
[SourceQuality "1"]

1. e4 c6 2. d4 d5 3. e5 Bf5 4. h4 h5 5. Bd3 Bxd3 6. Qxd3 e6 7. Nf3 Nd7 8. Bg5 Be7 9. Nbd2 Rc8 10. c4 b6 11. Rc1 Rc7 12. Qc2 Nf8 13. 0-0 Bxg5 14. Nxg5 Ne7 15. cxd5 exd5 16. f4 g6 17. Ndf3 Ne6 18. b4 Nf5 19. Qd2 Qe7 20. Kh2 0-0 21. g3 Ra8 22. Rc2 Qd7 23. Rfc1 Rac8 24. Rd1 c5 25. bxc5 bxc5 26. dxc5 Rxc5 27. Rxc5 Rxc5 28. Ne4 Qc6 29. Nxc5 Qxc5 30. Rc1 Qb6 31. Rc3 d4 32. Rb3 Qc5 33. Qd3 Kg7 34. Nd2 Ne3 35. Nf1 Nf5 36. Rb5 Qc6 37. Ra5 Qb6 38. Ra6 Qb2+ 39. Qd2 Qb5 40. Rxe6 fxe6 41. Kg2 Qc5 42. Nh2 Qc3 43. Nf3 Qc6 44. Qd3 Qd5 45. Qd2 Ne3+ 1/2-1/2